00433 2200181 4500001002100000005001500021008004100036035001900077041000700096082000800103090001400111100001600125245003200141260002800173300002500201500001400226650001100240INLIS00000000000272820241224112606241224||||||||| | ||| |||| || |  0010-1224002728 aen0 a819 a819 AJI h0 aAjip Rosidi00aHurip Waras Dua Panineungan bKiblat Buku Utamac1988 a245 hlm;14.5 x 21 cm aCet. 1, 2 0aSastra